000 nam a22 a 4500
999 _c3659
_d3659
003 AKMAL
005 20170523144904.0
008 170523s1993 my 00 eng d
020 _a9838970255 (pbk.):
_cRgt. 16.00
040 _aAKMAL
082 0 4 _a658.4092 MAX
090 0 0 _a658.4092
_bMAX
100 1 _aMaxwell, John C.,
_d1947-
_91292
245 1 0 _aDeveloping the leader within you /
_cJohn C. Maxwell
260 _aPetaling Jaya :
_bGlad Sounds,
_c1993
300 0 0 _a178p. :
_bill. ;
_c23cm
500 _aAsal terbit: Nashville, Tennessee: Thomas Nelson Publishers, 1993
504 _aIncludes bibliographical references
521 _aIntended audience : Adult
599 _aDALAM PROSES
650 0 _aLeadership
_9120
942 _2ddc
_cBOOK